| 000 | 00805nam a2200229 4500 | ||
|---|---|---|---|
| 001 | 126036 | ||
| 003 | ES-MaACL | ||
| 005 | 20250827022421.0 | ||
| 007 | t| | ||
| 008 | 070214s1978 sp r ||||1| spa d | ||
| 100 | 1 |
_aReif, Benjamín. _995984 |
|
| 245 | 1 | 0 |
_aModelos en la planificación de ciudades y regiones / _cpor Benjamín Reif ; traducción: Alfredo Carda, Santiago Téllez. |
| 260 |
_aMadrid : _bInstituto de Estudios de Administración Local, _c1978. |
||
| 300 |
_a422 p. : _bil. ; _c22 cm. |
||
| 490 | 1 | _aNuevo urbanismo | |
| 700 | 1 |
_aCarda, Alfredo. _935111 |
|
| 700 | 1 |
_aTéllez, Santiago. _9109636 |
|
| 710 | 2 |
_aInstituto de Estudios de Administración Local (España) _94893 |
|
| 830 | 0 |
_aNuevo urbanismo _9181984 |
|
| 852 |
_aES-MaACL _jL-152 _bR.100833 |
||
| 999 |
_c126036 _d126036 |
||